[Event "AUTO-MASTER-1169"]
[Site "http://www.queenalice.com/game.php?id=803572"]
[Date "2010.7.15"]
[Round "1"]
[White "Euler"]
[Black "faustinho"]
[Result "0-1"]
[WhiteElo "2156"]
[BlackElo "2216"]

1. e4 e5 2. Nf3 d6 3. Bc4 Nf6 4. Nc3 Be6 5. Bxe6 fxe6 6. O-O c5 7. a3 Nc6 8. b4
b6 9. d3 Be7 10. Bd2 O-O 11. Ne2 Qc7 12. c4 Nd7 13. h3 Rf7 14. b5 Nd4 15. Nexd4
cxd4 16. Bb4 a5 17. bxa6 Nc5 18. Bxc5 bxc5 19. Qc2 Rxa6 20. Rfb1 Rf8 21. Rb3
Rfa8 22. Qb2 R6a7 23. Rb1 h6 24. Kh1 Bf6 25. Qc1 Kh7 26. Kg1 Bd8 27. Qb2 Qe7 28.
Qc1 Qf8 29. Kf1 Qf4 30. Qb2 Bc7 31. Rd1 Qf8 32. Rb1 Ra4 33. Kg1 Ba5 34. Qc1 Bc3
35. Kf1 R4a5 0-1

[Event "AUTO-MASTER-1169"]
[Site "http://www.queenalice.com/game.php?id=803573"]
[Date "2010.7.15"]
[Round "1"]
[White "faustinho"]
[Black "Euler"]
[Result "1-0"]
[WhiteElo "2205"]
[BlackElo "2167"]

1. e4 e5 2. Nf3 Nc6 3. Bc4 Nf6 4. Ng5 d5 5. exd5 Nxd5 6. d4 Be7 7. Nxf7 Kxf7 8.
Qf3+ Ke6 9. Nc3 Nxd4 10. Bxd5+ Kd6 11. Qd3 c6 12. Bf4 Qb6 13. Bxe5+ Kxe5 14.
O-O-O Bg5+ 15. Kb1 cxd5 16. Rhe1+ Kd6 17. Qg3+ Kc6 18. Qxg5 Bf5 19. Rxd4 Qxd4
20. Qxf5 Rae8 21. Re6+ Kc5 22. a3 Rhf8 23. Qh3 Rxe6 24. Qxe6 Rf6 25. b4+ Kc4 26.
Qc8+ Rc6 27. Qxb7 Kxc3 28. Qxc6+ Kd2 29. Qc5 Qe4 30. Kb2 d4 31. g3 h5 32. a4 g6
33. a5 Ke2 34. f4 Kd1 35. b5 1-0

[Event "AUTO-MASTER-1199"]
[Site "http://www.queenalice.com/game.php?id=822288"]
[Date "2010.8.24"]
[Round "1"]
[White "carlosfed"]
[Black "Euler"]
[Result "0-1"]
[WhiteElo "1879"]
[BlackElo "2125"]

1. e4 e5 2. Nf3 Nc6 3. Bc4 Nf6 4. d3 Bc5 5. h3 O-O 6. a3 Nd4 7. Nc3 c6 8. Bg5 h6
9. Bh4 Qe7 10. Na4 Bd6 11. Nxd4 exd4 12. b4 b5 13. Bb3 bxa4 14. Bxa4 a5 15. b5
cxb5 16. Bxb5 g5 17. Bg3 Bxg3 18. fxg3 Nd5 19. Qh5 Ne3 20. Ba4 d5 21. Kd2 dxe4
22. Qxh6 exd3 23. cxd3 Rb8 24. Rhc1 Rb2+ 25. Bc2 Re8 26. Qc6 Nc4+ 0-1

[Event "AUTO-MASTER-1199"]
[Site "http://www.queenalice.com/game.php?id=822289"]
[Date "2010.8.24"]
[Round "1"]
[White "Euler"]
[Black "carlosfed"]
[Result "1-0"]
[WhiteElo "2116"]
[BlackElo "1895"]

1. d4 d5 2. c4 e6 3. Nf3 dxc4 4. Nc3 a6 5. a4 h6 6. e4 Nf6 7. Bxc4 Bb4 8. Qc2 a5
9. O-O O-O 10. Rd1 Nc6 11. Be3 Ng4 12. Bf4 Bd6 13. e5 Bb4 14. d5 exd5 15. Nxd5
Bd7 16. h3 g5 17. Nf6+ Nxf6 18. Qg6+ Kh8 19. Qxh6+ Nh7 20. Nxg5 Bf5 21. Rxd8 1-0

[Event "AUTO-MASTER-1199"]
[Site "http://www.queenalice.com/game.php?id=822304"]
[Date "2010.8.24"]
[Round "1"]
[White "Euler"]
[Black "Marivaldo"]
[Result "1-0"]
[WhiteElo "2159"]
[BlackElo "1974"]

1. e4 d5 2. exd5 Qxd5 3. Nc3 Qd8 4. Nf3 Bg4 5. h3 Bh5 6. g4 Bg6 7. h4 h6 8. Ne5
Bh7 9. Qf3 Nf6 10. Qxb7 Nbd7 11. Nc6 Qc8 12. Ba6 Qxb7 13. Bxb7 Rb8 14. Nxb8 Nxb8
15. g5 Ng8 16. d3 e5 17. Be3 c5 18. f4 f6 19. fxe5 fxe5 20. O-O hxg5 21. hxg5
Bd6 22. Nb5 Ke7 23. Nxd6 Kxd6 24. Rf8 Nd7 25. Rc8 Bf5 26. Re1 Be6 27. Rc6+ Ke7
28. Ra6 Rh4 29. Be4 Kd8 30. Rxe6 Ne7 31. Rf1 Rh3 32. Rf7 Nc8 33. Bc6 Ncb6 34.
Bxc5 Rg3+ 35. Kf2 Rxg5 36. Bxb6+ Nxb6 37. Re8# 1-0

[Event "AUTO-MASTER-1199"]
[Site "http://www.queenalice.com/game.php?id=822305"]
[Date "2010.8.24"]
[Round "1"]
[White "Marivaldo"]
[Black "Euler"]
[Result "0-1"]
[WhiteElo "1937"]
[BlackElo "2154"]

1. d4 d5 2. Bf4 Nf6 3. Nc3 g6 4. h3 Bg7 5. e3 O-O 6. Bd3 c5 7. Be2 cxd4 8. exd4
Ne4 9. Nxe4 dxe4 10. c3 Nd7 11. Qd2 e5 12. dxe5 Nxe5 13. O-O-O Qf6 14. Bxe5 Qxe5
15. Kb1 Be6 16. Qd6 Qa5 17. a3 Rad8 18. Qb4 Rxd1+ 19. Bxd1 Qf5 20. Qxb7 e3+ 21.
Bc2 exf2 22. Nf3 Qf4 23. Qxa7 Qc4 24. Qxf2 Qa2+ 25. Kc1 Bh6+ 26. Nd2 Qa1+ 27.
Bb1 Rb8 28. Kd1 Rxb2 29. Qh4 Rxd2+ 30. Kc1 Qxa3# 0-1

[Event "AUTO-MASTER-1199"]
[Site "http://www.queenalice.com/game.php?id=822306"]
[Date "2010.8.24"]
[Round "1"]
[White "Euler"]
[Black "Redtom"]
[Result "1-0"]
[WhiteElo "2137"]
[BlackElo "2033"]

1. e4 d5 2. exd5 Nf6 3. Nc3 Nxd5 4. Bc4 Nb6 5. Bb3 Nc6 6. Nf3 Bf5 7. Nh4 Bg6 8.
O-O e6 9. Nxg6 hxg6 10. h3 Qd7 11. Re1 O-O-O 12. Ne4 Be7 13. c3 Nd5 14. d4 Na5
15. Ba4 b5 16. Bc2 Nc4 17. a4 b4 18. Qe2 Qc6 19. a5 Rh5 20. Ba4 Qb7 21. Qxc4 1-0

[Event "AUTO-MASTER-1199"]
[Site "http://www.queenalice.com/game.php?id=822307"]
[Date "2010.8.24"]
[Round "1"]
[White "Redtom"]
[Black "Euler"]
[Result "0-1"]
[WhiteElo "2023"]
[BlackElo "2146"]

1. e4 e5 2. Nc3 Nf6 3. f4 d5 4. fxe5 Nxe4 5. Qe2 Nc6 6. Nxe4 dxe4 7. Qxe4 Be6 8.
Bb5 Bd5 9. Qg4 h5 10. Qe2 Qh4+ 11. Qf2 Qxf2+ 12. Kxf2 Bc5+ 13. Kf1 h4 14. d3 h3
15. Nf3 O-O-O 16. Bxc6 Bxc6 17. Bg5 f6 18. exf6 gxf6 19. Bf4 Rh5 20. Re1 Rf5 21.
Bd2 hxg2+ 22. Kxg2 Bxf3+ 0-1

[Event "Challenge"]
[Site "http://www.queenalice.com/game.php?id=855340"]
[Date "2010.11.6"]
[Round "-"]
[White "feliz70"]
[Black "Euler"]
[Result "1-0"]
[WhiteElo "2261"]
[BlackElo "2101"]

1. d4 d5 2. c4 dxc4 3. Nf3 e6 4. e3 Nf6 5. Bxc4 c5 6. O-O Be7 7. dxc5 Qxd1 8.
Rxd1 O-O 9. b4 a5 10. b5 Bxc5 11. Ba3 Nbd7 12. Bxc5 Nxc5 13. Nc3 b6 14. Rd6 Rb8
15. Rad1 Rb7 16. Ne5 Ncd7 17. Nc6 g6 18. Na4 Kg7 19. f3 Re8 20. e4 e5 21. Rc1 h6
22. Bb3 g5 23. Rc2 g4 24. Nb2 Nh7 25. Rd1 Rf8 26. Nc4 Rc7 27. Ne7 gxf3 28. gxf3
1-0